| 000 | 01079nam a2200229Ia 4500 | ||
|---|---|---|---|
| 003 | Ost | ||
| 005 | 20260507075547.0 | ||
| 008 | 260507s9999||||xx |||||||||||||| ||und|| | ||
| 020 | _a9773391744 | ||
| 040 | _cfsecg | ||
| 041 | _aara | ||
| 082 | _a301.2 | ||
| 100 |
_aعرابى، محمود _eمؤلف |
||
| 245 | 0 |
_aتأثير العولمة على الثقافة الشباب : _bدراسة ميدانية / _c محمود عرابى |
|
| 260 |
_aالقاهرة: _bالدار الثقافية للنشر, _c2006 |
||
| 300 |
_a270 صفحة؛ _bإيضاحات ؛ _c24 سم |
||
| 520 | _aيضم الشباب وثقافة العولمة، العولمة والثقافة الإقتصادية للشباب، العولمة والجوانب الإجتماعية في ثقافة الشباب، تأثيرات العولمة على الثقافة الدينية للشباب، العولمة والثقافة السياسية للشباب | ||
| 653 | _aالثقافة | ||
| 653 | _aالشباب- التنمية الثقافية | ||
| 653 | _aالعولمة | ||
| 942 | _cكتاب | ||
| 999 |
_c44895 _d44895 |
||